Paroles "Les copains d'abord" - G. Brassens - Statistiques

Statistiques générales
  • Ce quiz a été pris 137 fois
  • Le résultat moyen est 244 sur 327
Statistiques - réponses
Hint Réponse % Correct
.. le
99%
... les
99%
....... copains
98%
.. de
98%
.. ce
97%
.'..... d'abord
97%
... des
97%
... Des
97%
.. la
97%
.. ne
97%
... Non
96%
... non
96%
... pas
96%
. à
95%
...... méduse
95%
...... radeau
95%
.. Et
94%
.. et
94%
...... bateau
93%
.. en
93%
.'..... n'était
93%
.. Il
92%
.. il
92%
.. au
91%
.. Au
91%
...... | ....... canards
91%
.. se
89%
... sur
89%
... Sur
89%
..... grand
88%
.... port
88%
......... naviguait
87%
......... Naviguait
87%
..'.. qu'on
87%
.... fond
86%
.... mare
86%
.... dise
85%
.'..... c'était
81%
.... père
81%
..... ports
81%
.'........ s'appelait
81%
... ils
80%
....... peinard
80%
.... Mais
79%
.... mais
79%
........... littérature
78%
.. lu
76%
... qui
76%
... Qui
76%
.... amis
73%
.'... c'est
73%
.'... C'est
73%
.... | ..... bord
69%
... Ses
69%
... ses
69%
.... dans
68%
.'....... C'étaient
67%
.... plus
67%
..... était
66%
...... Pollux
66%
..'.. qu'il
66%
....... enfants
65%
.... luxe
65%
... Son
64%
... son
64%
...... Castor
63%
.'....... n'étaient
63%
.. On
63%
... par
63%
.... sort
63%
.... mort
62%
....... salauds
61%
... fort
60%
...... jamais
60%
... nec
60%
..... quand
60%
..... Quand
60%
.. ai
59%
... aux
59%
.'....... l'avaient
59%
........ mergitur
59%
......... Montaigne
59%
..... anges
58%
.... bons
58%
.... coup
58%
.'........ l'évangile
58%
........ fluctuat
57%
........ manquait
57%
......-.... rendez-vous
57%
.... seul
57%
........ tapaient
57%
...... Boétie
56%
...... franco
56%
.'... l'eau
56%
... que
56%
.... Jean
55%
...... petits
55%
...... Sodome
55%
...... ventre
55%
.... viré
55%
... ait
53%
........ beaucoup
53%
....... choisis
53%
.... elle
53%
.'.. j'en
53%
........ matelots
53%
.'... n'ait
53%
.'.. N'en
53%
... Oui
53%
.... tenu
53%
......... Trafalgar
53%
......... capitaine
52%
........ déplaise
52%
....... jeteurs
52%
...... toutes
52%
.'..... y'avait
52%
...... dehors
51%
.'.. l'un
51%
..... sorts
51%
... eux
50%
.'...... l'amitié
50%
.... leur
50%
.... Leur
50%
....... prenait
50%
....... bateaux
49%
.'..... d'entre
49%
...... encore
49%
....... moindre
49%
...... voiles
49%
.... Paul
47%
...... Pierre
47%
.... pris
47%
....... souvent
47%
....... étaient
46%
.... gens
46%
...... lapins
46%
......... refermait
46%
......... compagnie
45%
.... trou
45%
..... leurs
44%
.'........ s'aimaient
44%
..... seule
44%
..... après
43%
....... litanie
43%
... ans
42%
.... nord
42%
... SOS
42%
......... confiteor
41%
...... coquin
41%
... dit
41%
...... aurait
40%
..... crédo
40%
......... lançaient
40%
........ montrait
40%
.... bras
39%
........ détresse
38%
........ Gomorrhe
38%
..... quart
38%
.......... sémaphores
37%
.... Cent
36%
Aucun quiz correspondant
Distribution des résultats
% des personnes avec chaque résultat
Percentile par nombre de réponses
Votre historique - résultats
Vous n’avez pas pris ce quiz